• 首页
  • 本馆介绍
  • 公告通知
  • 最新文献
  • 馆藏检索
  • 电子资源
  • 读者导购
  • 参考咨询
  • 我的图书馆
  • 登录
  • 详细信息显示
  • 放入我的书架
  • 预约/预借图书
  • 作者相关作品
  • 分类相关作品
  • 丛书相关作品
  • 出版社相关作品

书目信息

  • 表格格式
  • 工作单格式
  • 卡片格式
题名:
舞蹈美育教程
    
 
作者: 孙慧佳 编著
分册:  
出版信息: 上海   上海音乐出版社  2013.08
页数: 116页
开本: 25cm
丛书名:
单 册:
中图分类: J701
科图分类:
主题词: 舞蹈美学--师范大学--教材 , 舞蹈美学
电子资源:
ISBN: 978-7-5523-0264-6
000 00838nam0 2200265 450
001 012013977953
005 20140610163618.21
010    @a978-7-5523-0264-6@dCNY22.00
100    @a20130927d2013 em y0chiy0110 ea
101 0  @achi
102    @aCN@b310000
105    @aa z 000yy
106    @ar
200 1  @a舞蹈美育教程@9wu dao mei yu jiao cheng@f孙慧佳编著
210    @a上海@c上海音乐出版社@d2013.08
215    @a116页@c图@d25cm
300    @a东北师范大学音乐学院舞蹈通用教材
330    @a本书内容包括:舞蹈美育概说;舞蹈美育的功能;舞蹈美育的实施;提高欣赏舞蹈美的能力;提高创造舞蹈美的能力等。
333    @a高师舞蹈教育专业学生
606 0  @a舞蹈美学@x师范大学@j教材
606 0  @a舞蹈美学
690    @aJ701@v5
701  0 @a孙慧佳@9sun hui jia@4编著
801  0 @aCN@b人天书店@c20130927
905    @b845324-26@dJ701@e124@f3
    
    舞蹈美育教程/孙慧佳编著.-上海:上海音乐出版社,2013.08
    116页:图;25cm
    东北师范大学音乐学院舞蹈通用教材.-使用对象:高师舞蹈教育专业学生
    
    ISBN 978-7-5523-0264-6:CNY22.00
    本书内容包括:舞蹈美育概说;舞蹈美育的功能;舞蹈美育的实施;提高欣赏舞蹈美的能力;提高创造舞蹈美的能力等。
●
相关链接 在E读中查询图书 在五车中查询图书 在当当中查询图书 在豆瓣中查询图书


正题名:舞蹈美育教程     索取号:J701/124         预约/预借

序号 登录号 条形码 馆藏地/架位号 状态 备注
1 845324   208453243   第一样本阅览室/ [索取号:J701/124] 在馆    
2 845325   208453252   第一借阅区/ [索取号:J701/124] 在馆    
3 845326   208453261   第一借阅区/ [索取号:J701/124] 在馆    
唐山师范学院图书馆 欢迎您!
大连网信软件有限公司© 版权所有